| 000 | 00479nam a2200181Ia 4500 | ||
|---|---|---|---|
| 005 | 20250508161916.0 | ||
| 008 | 008 250505s9999 xx 000 0 eng d | ||
| 037 | _aTextual | ||
| 040 |
_aFEDL _beng _cFEDL |
||
| 041 |
_aeng _2eng |
||
| 084 |
_aF, GUI _qFEDL |
||
| 100 |
_aGuillot Rene _9771791 |
||
| 245 | 0 | _aPrince of the Jungle | |
| 260 |
_aLondon, UK _bOxford University Press _c1968 |
||
| 300 | _a215p | ||
| 942 |
_cTEXL _hF, GUI |
||
| 999 |
_c1373117 _d1373117 |
||